banner koha

População e agricultura familiar na região sul (Registro n. 68391)

MARC details
000 -LÍDER
campo de controle de tamanho fixo 01117nam a22004217a 4500
001 - NÚMERO DE CONTROLE
campo de controle BR0503503
003 - IDENTIFICADOR DO NÚMERO DE CONTROLE
campo de controle BR-BrBNA
005 - DATA E HORÁRIO DA ÚLTIMA TRANSAÇÃO
campo de controle 20230928101942.0
007 - CAMPO FIXO DE DESCRIÇÃO FÍSICA--INFORMAÇÃO GERAL
campo de controle de tamanho fixo ta
008 - CAMPO DE DADOS FIXOS--INFORMAÇÃO GERAL
campo de controle de tamanho fixo 230509b bl.||||| |||| 00| 0 por d
040 ## - FONTE DA CATALOGAÇÃO
Instituição da catalogação original BR-BrBNA
Idioma da catalogação por
Instituição que transcreveu o registro Biblioteca Nacional de Agricultura
041 ## - CÓDIGO DE IDIOMA
Código do idioma do texto/trilha sonora ou título diferente (Por)
072 ## - CÓDIGO DE CATEGORIA DE ASSUNTO
Código de Categoria de Assunto E51
090 ## - NÚMERO DE CHAMADA LOCAL
-- E51 BR0503503
100 1# - ENTRADA PRINCIPAL--NOME PESSOAL
Nome pessoal Torttelli, A.
100 1# - ENTRADA PRINCIPAL--NOME PESSOAL
Nome pessoal Alano, F.
100 1# - ENTRADA PRINCIPAL--NOME PESSOAL
Nome pessoal Geremias, F.M.
100 1# - ENTRADA PRINCIPAL--NOME PESSOAL
Nome pessoal Rossoni, M.
100 1# - ENTRADA PRINCIPAL--NOME PESSOAL
Nome pessoal Weber, L.
100 1# - ENTRADA PRINCIPAL--NOME PESSOAL
Nome pessoal Griselli, E.
100 1# - ENTRADA PRINCIPAL--NOME PESSOAL
Nome pessoal Wolf, M.E.D.
100 1# - ENTRADA PRINCIPAL--NOME PESSOAL
Nome pessoal Rochinski, M.
100 1# - ENTRADA PRINCIPAL--NOME PESSOAL
Nome pessoal Escher, M.S.
100 1# - ENTRADA PRINCIPAL--NOME PESSOAL
Nome pessoal Raimundo, H.R.
100 1# - ENTRADA PRINCIPAL--NOME PESSOAL
Nome pessoal Lorenzetti, L.
100 1# - ENTRADA PRINCIPAL--NOME PESSOAL
Nome pessoal Bianchini, V.(coords.)
245 1# - TÍTULO
Título População e agricultura familiar na região sul
260 3# - PUBLICAÇÃO, DISTRIBUIÇÃO, ETC.
Local de publicação, distribuição, etc. Florianópolis, SC (Brasil):
Data da publicação, distribuição, etc. 2000.
300 ## - DESCRIÇÃO FÍSICA
Extensão 145 p.
500 ## - NOTA GERAL
Nota geral 66 tables; 47 illus.; Numerical data
650 ## - ASSUNTO--TERMO TÓPICO
Cabeçalho tópico ou nome geográfico AGRICULTURA FAMILIAR
650 ## - ASSUNTO--TERMO TÓPICO
Cabeçalho tópico ou nome geográfico POPULAÇÃO RURAL
650 ## - ASSUNTO--TERMO TÓPICO
Cabeçalho tópico ou nome geográfico LEVANTAMENTO POPULACIONAL
650 ## - ASSUNTO--TERMO TÓPICO
Cabeçalho tópico ou nome geográfico DADOS ESTATÍSTICOS
650 ## - ASSUNTO--TERMO TÓPICO
Cabeçalho tópico ou nome geográfico SUL
909 ## -
-- 202309
-- Lucia
-- 55
-- Lucia Elande
942 ## - ELEMENTOS DE ENTRADA ADICIONADOS (KOHA)
Tipo de material Koha Livros
Exemplares
Situação do descarte Fonte da classificação ou esquema de arquivamento na estante Situação física Não pode ser emprestado Coleção Biblioteca de origem Biblioteca atual Total de empréstimos Número de telefone completo Código de barras Data de último acesso Número do exemplar Tipo de material Koha Situação das perdas Data de aquisição Fonte de aquisição
  Classificação AGRIS       Biblioteca Nacional de Agricultura - Binagri Biblioteca Nacional de Agricultura - Binagri   E51 BR0503503 E51 BR0503503 25/09/2023 01 Livros   2023-09-25 Portaria Interministerial nº 164/94

BINAGRI

Telefone: (61)3218-2567/2388/3357/2097 - binagri@agro.gov.br

Ministério da Agricultura e Pecuária , Esplanada dos Ministérios, Bloco D, Anexo B, Brasília/DF, CEP: 70.043-900